000 00599nam a2200241Ia 4500
003 OSt
005 20220924145535.0
006 a|||||r|||| 00| 0
007 ta
008 220923b |||||||| |||| 00| 0 tel d
020 _c3.00
024 _a329218
037 _cTextual
040 _aARTS
_cARTS
_btel
041 _2tel
_atel
082 _aNS, 35J8.1-.2
100 _aSarma Veera Raghava
_9220001
245 0 _aSri Devi gana sudha
260 _c1958
650 _aDANCE
_936226
942 _hNS, 35J8.1-.2
_cTEXL
_2CC
999 _c460426
_d460426